Five most populated islands in every continent - Statistics

General Stats
  • This quiz has been taken 395 times
    221 since last reset
  • The average score is 17 of 35
Answer Stats
Hint Answer % Correct
28.4 M Madagascar
97%
7.02 M Ireland
89%
11.3 M Cuba
85%
148 M Java
84%
66.3 M Great Britain
83%
3.92 M North Island
82%
1.20 M South Island
81%
4.80 M Sicily
79%
2.95 M Jamaica
78%
104 M Honshū
77%
14.8 M New Guinea
76%
22.2 M Hispaniola
74%
59.1 M Sumatra
74%
1.57 M Sardinia
71%
1.21 M Mauritius
70%
64.2 M Luzon
64%
8.06 M Long Island
58%
3.28 M Puerto Rico
50%
2.28 M Zealand
48%
27.0 M Mindanao
47%
1.34 M Unguja
39%
863 k Réunion
32%
1.01 M Oahu
29%
927 k Tenerife
23%
661 k Viti Levu
17%
383 k Marajó
15%
164 Ross Island
13%
420 k Santa Catarina
5%
1.38 M São Luís
5%
760 k São Vicente
5%
45 Kerguelen
2%
205 King George Island
2%
40 East Ongul Island
1%
70 Marambio Island
1%
308 k Santo Amaro
1%
No matching quizzes found
Score Distribution
Percent of People with Each Score
Percentile by Number Answered
Your Score History
You have not taken this quiz since the last reset